Contar cuentos: desde la práctica hacia la teoría

Guardat en:
Dades bibliogràfiques
Autor principal: Padovani, Ana (autora)
Format: Llibre
Idioma:espanyol
Publicat: Buenos Aires Paidós 1999
Edició:1a. ed
Col·lecció:Biblioteca Cuestiones de Educación, 28
Matèries:
Etiquetes: Afegir etiqueta
Sense etiquetes, Sigues el primer a etiquetar aquest registre!

MARC

LEADER 00000nam a2200000 a 4500
001 UCL8561
003 CL-VaPUC
008 040625e19990000AG |||||||||||||||||spa|d
020 |a 950126128X 
082 0 4 |a 808.543  |b PAD  |2 21 
100 |a Padovani, Ana  |e autora  |9 486470 
245 1 0 |a Contar cuentos: desde la práctica hacia la teoría 
250 |a 1a. ed 
300 |a 203 p 
942 |c BK 
945 |d 20040625 00:00:00  |a cmena 
260 |a Buenos Aires  |b Paidós  |c 1999 
650 0 |a Narración de cuentos   |9 337545 
650 0 |a Retórica del discurso   |9 486471 
650 0 |a Cuentos infantiles  |9 308044 
583 |a last modification  |c 20040625 00:00:00  |k Rodrigo Vera 
490 0 |a Biblioteca Cuestiones de Educación, 28 
999 |c 309795  |d 309793 
952 |0 0  |1 0  |4 0  |6 808_543000000000000_PAD_1999  |7 0  |8 A  |9 377545  |a BIBEDU  |b BIBEDU  |d 2019-11-21  |i 4030958  |o 808.543 PAD 1999  |p 4030958  |r 2019-11-21  |w 2019-11-21  |y BK  |k PAR